Statistiken für Top 15 Staaten - Aktive Militärangehörige nach Ländern (2023)

Klicken Sie hier um das Quiz zu spielen!

Allgemein

  • Dieses Quiz wurde 94 mal gespielt
  • Das Durchschnittsergebnis liegt bei 11 aus 15

Antwortstatistiken

PlatzAnzahl der
Militärangehörigen
Staat% Korrekt
31.390.000Vereinigte Staaten
99%
12.000.000China
98%
5830.900Russland
96%
21.450.000Indien
93%
15360.000Brasilien
83%
7575.000Iran
80%
8555.000Südkorea
80%
41.200.000Nordkorea
79%
11425.000Türkei
77%
6654.000Pakistan
74%
10440.000Ägypten
72%
12400.000Indonesien
68%
9470.000Vietnam
56%
13400.000Myanmar
33%
14360.000Kolumbien
28%

Verteilung der Resultate

Perzentil nach korrekt beantworteten Fragen

Anzahl Personen mit jedem Resultat

Ihre Resultats-Entwicklung

Sie haben dieses Quiz noch nicht gespielt